<?xml version='1.0' encoding='UTF-8'?>
  <record xmlns="http://www.loc.gov/MARC21/slim">
    <leader>00000ctm a22000007a 4500</leader>
    <controlfield tag="001">ocn965420019</controlfield>
    <controlfield tag="003">OCoLC</controlfield>
    <controlfield tag="005">20241022012122.7</controlfield>
    <controlfield tag="008">150327q13001400xx            000 0 lat d</controlfield>
    <datafield tag="040" ind1=" " ind2=" ">
      <subfield code="a">QGJ</subfield>
      <subfield code="b">dut</subfield>
      <subfield code="c">QGJ</subfield>
      <subfield code="d">OCLCL</subfield>
      <subfield code="d">OCLCQ</subfield>
    </datafield>
    <datafield tag="035" ind1=" " ind2=" ">
      <subfield code="a">(OCoLC)965420019</subfield>
    </datafield>
    <datafield tag="100" ind1="0" ind2=" ">
      <subfield code="a">Ludolfus.</subfield>
      <subfield code="4">aut</subfield>
    </datafield>
    <datafield tag="245" ind1="1" ind2="0">
      <subfield code="a">Brevilogus /</subfield>
      <subfield code="c">Ludolfus (Lupoldus de Bebenburg?)</subfield>
      <subfield code="f">UBU Hs. 820 (5 B 4).</subfield>
    </datafield>
    <datafield tag="246" ind1="3" ind2=" ">
      <subfield code="a">Lexicon Latinum</subfield>
    </datafield>
    <datafield tag="260" ind1=" " ind2=" ">
      <subfield code="a">[S.l.],</subfield>
      <subfield code="c">[1300-1400]</subfield>
    </datafield>
    <datafield tag="300" ind1=" " ind2=" ">
      <subfield code="a">178 fols.</subfield>
      <subfield code="c">.. cm</subfield>
    </datafield>
    <datafield tag="336" ind1=" " ind2=" ">
      <subfield code="a">text</subfield>
      <subfield code="b">txt</subfield>
      <subfield code="2">rdacontent</subfield>
    </datafield>
    <datafield tag="337" ind1=" " ind2=" ">
      <subfield code="a">unmediated</subfield>
      <subfield code="b">n</subfield>
      <subfield code="2">rdamedia</subfield>
    </datafield>
    <datafield tag="338" ind1=" " ind2=" ">
      <subfield code="a">volume</subfield>
      <subfield code="b">nc</subfield>
      <subfield code="2">rdacarrier</subfield>
    </datafield>
    <datafield tag="340" ind1=" " ind2=" ">
      <subfield code="a">paper</subfield>
      <subfield code="k">2 columns, littera cursiva.</subfield>
    </datafield>
    <datafield tag="500" ind1=" " ind2=" ">
      <subfield code="a">Preliminary title.</subfield>
    </datafield>
    <datafield tag="500" ind1=" " ind2=" ">
      <subfield code="a">Fol. 1 (beginning of the text) is missing.</subfield>
    </datafield>
    <datafield tag="500" ind1=" " ind2=" ">
      <subfield code="a">According to the colophon on f. 139v, copied in Mainz in 1388?: "... Explicit breuilogus ludolfi per manus prnge (sic) ingrossatus Anno dni MoCCCLXXXVIII magoncie."</subfield>
    </datafield>
    <datafield tag="500" ind1=" " ind2=" ">
      <subfield code="a">Contains also: Exactis regibus; De significatione verborum; Sententiae e Scriptura Sacra, ordine alphabetico.</subfield>
    </datafield>
    <datafield tag="500" ind1=" " ind2=" ">
      <subfield code="a">"De significatione verborum" is part of Summa de casibus conscientiae.</subfield>
    </datafield>
    <datafield tag="524" ind1=" " ind2=" ">
      <subfield code="a">Te citeren als: Universiteitsbibliotheek Utrecht Hs. 820 (5 B 4).</subfield>
    </datafield>
    <datafield tag="581" ind1=" " ind2=" ">
      <subfield code="a">M. Conrat (Cohn), Epitome exactis regibus. Hrsg. mit Anh©Þngen und einer Einl. von M. Conrat (Cohn). Berlin 1884. P. VII-VIII nr. 8, passim (= Hs. U in de editie).</subfield>
    </datafield>
    <datafield tag="581" ind1=" " ind2=" ">
      <subfield code="a">P.A. Tiele, Catalogus codicum manu scriptorum Bibliothecae Universitatis Rheno-Trajectinae. I. Trajecti ad Rhenum / Hagae Comitis 1887. P. 211.</subfield>
    </datafield>
    <datafield tag="581" ind1=" " ind2=" ">
      <subfield code="a">G.I. Lieftinck, Manuscrits dat©♭s conserv©♭s dans les Pays-Bas. I. Les manuscrits d'origine ©♭trangere (816 - c. 1550). Amsterdam 1964. P. 123-124 nr. 286, pl. 164.</subfield>
    </datafield>
    <datafield tag="581" ind1=" " ind2=" ">
      <subfield code="a">E. Seckel, Beitr©Þge zur Geschichte beider Rechte im Mittelalter, I: Zur Geschichte der popul©Þren Literatur des r©œmisch-kanonischen Rechts. T©ơbingen 1898. Fotomechanische herdruk: Hildesheim 1967. P. 379 nt. 12.</subfield>
    </datafield>
    <datafield tag="581" ind1=" " ind2=" ">
      <subfield code="a">G. Dolezalek, Verzeichnis der Handschriften zum r©œmischen Recht bis 1600. Materialsammlung, System und Program f©ơr elektronische Datenverarbeitung, II. Frankfurt am Main 1972. i.v. ('antea Aev. med. SS. eccl. 342').</subfield>
    </datafield>
    <datafield tag="581" ind1=" " ind2=" ">
      <subfield code="a">J.P. Gumbert, Manuscrits dat©♭s conserv©♭s dans les Pays-Bas. Vol. 2: Les manuscrits d'origine n©♭erlandaise (XIVe-XVIe si©·cles) et Suppl. au tome premier. Leiden etc. 1988. P. 276.</subfield>
    </datafield>
    <datafield tag="581" ind1=" " ind2=" ">
      <subfield code="a">Chr. van Wijnbergen &amp; H. Zapp, Verzeichnis kanonistischer Handschriften in den Niederlanden). W©ơrzburg 1988. (= Forschungen zur Kirchenrechtswissenschaft 3). P. 283 (fol. 139v-163v, 154r-171r).</subfield>
    </datafield>
    <datafield tag="655" ind1=" " ind2="7">
      <subfield code="a">Handschriften (vorm)</subfield>
      <subfield code="0">088143309</subfield>
      <subfield code="2">gtt</subfield>
    </datafield>
    <datafield tag="700" ind1="0" ind2=" ">
      <subfield code="a">Lupoldus de Bebenburg,</subfield>
      <subfield code="d">ca. 1297-1363.</subfield>
      <subfield code="e">attributed name.</subfield>
      <subfield code="4">att</subfield>
    </datafield>
    <datafield tag="700" ind1="0" ind2="2">
      <subfield code="a">Astesanus de Ast.</subfield>
      <subfield code="t">Summa de casibus conscientiae.</subfield>
      <subfield code="p">De significatione verborum.</subfield>
      <subfield code="4">aut</subfield>
    </datafield>
    <datafield tag="740" ind1="0" ind2=" ">
      <subfield code="a">De nominibus officialium.</subfield>
    </datafield>
    <datafield tag="740" ind1="0" ind2=" ">
      <subfield code="a">Tabula seu expositio vocabulorum difficilium om toto jure.</subfield>
    </datafield>
    <datafield tag="758" ind1=" " ind2=" ">
      <subfield code="a">UBU Hs. 820 (5 B 4) Brevilogus (Text)</subfield>
      <subfield code="1">https://id.oclc.org/worldcat/entity/E39PCYPyB4tpwCGQ9KPMWMhQG3</subfield>
      <subfield code="4">https://id.oclc.org/worldcat/ontology/hasWork</subfield>
    </datafield>
    <datafield tag="856" ind1="4" ind2="1">
      <subfield code="u">http://objects.library.uu.nl/reader/resolver.php?obj=002655813&amp;type=2</subfield>
      <subfield code="x">Online</subfield>
      <subfield code="z">Full Text</subfield>
    </datafield>
    <datafield tag="936" ind1=" " ind2=" ">
      <subfield code="a">BATCHLOAD</subfield>
    </datafield>
  </record>